000 00951nam a22002417a 4500
999 _c63525
_d63525
005 20240530110646.0
008 171023s2015 ua a g b 000 0 ara d
017 _a2014/21817
_bمصر. دار الكتب
020 _a9789773506124
040 _aEG-CaGPL
_cEG-CaGPL
082 0 4 _221
_a306.42\
_bر ت
100 0 _aرشيد زرواتى .
245 1 0 _aتنمية الثقافة و ثقافة التنمية :
_bاشكالية الثقافة فى التنمية بالبلدان المتخلفة /
_cرشيد زرواتى .
250 _aط.1
260 _aالقاهرة :
_bدار الكتاب الحديث ،
_c2015 .
300 _a219 ص. ؛
_c24 سم .
504 _aببليوجرافية : ص 203 - 216
650 0 7 _2qrmak
_aالتنمية الثقافية .
650 0 7 _2qrmak
_aالتنمية الثقافية
_zالدول النامية .
651 _2qrmak
942 _2ddc
_cBK